| 000 | 00499nam a2200181Ia 4500 | ||
|---|---|---|---|
| 008 | 210423s2009 xx 000 0 und d | ||
| 020 | _a9788180521324 | ||
| 041 | _aeng | ||
| 082 | _a658.1511 SHAM | ||
| 100 | _aSHAH (Mamta) | ||
| 245 | _aManagement accounting:for decision making | ||
| 260 |
_aNew Delhi _bAne Books _c2009 |
||
| 300 |
_axvi,270 _bPB |
||
| 365 |
_b250 _cINR |
||
| 650 | _aSocial Groups | ||
| 650 | _aSocial Sciences | ||
| 906 | _aaccounting:for ; decision ; making ; Management | ||
| 999 |
_c159634 _d159634 |
||